|
|
|
|
| LEADER |
00000nam0a2200000 4500 |
| 001 |
318192 |
| 005 |
20231102003042.0 |
| 010 |
|
|
|a 9785971034957
|
| 035 |
|
|
|a (RuTPU)RU\TPU\book\343689
|
| 090 |
|
|
|a 318192
|
| 100 |
|
|
|a 20160422d2016 k y0rusy50 ca
|
| 101 |
0 |
|
|a rus
|
| 102 |
|
|
|a RU
|
| 105 |
|
|
|a a z 001zy
|
| 200 |
1 |
|
|a Прочность тугоплавких металлов. Тепловые методы расчета
|e [монография]
|f О. С. Николаев
|
| 210 |
|
|
|a Москва
|c URSS
|c ЛЕНАНД
|d 2016
|
| 215 |
|
|
|a 181 с.
|c ил.
|
| 225 |
1 |
|
|a Relata Refero
|
| 320 |
|
|
|a Библиогр.: с. 130-132
|
| 330 |
|
|
|a В книге доступно и подробно изложена методика расчета механической прочности металлических жидкостей на примере металлов Li, Al, Fe, W и Hg. Основу методики составляют тепловые параметры. В монографии много новой информации. Обобщены свойства металлических жидкостей, приведены теоретический метод определения коэффициентов поверхностного натяжения и метод вычисления поверхностной энергии. Рассмотрены теоретические и тепловые методы определения прочности жидких металлов. Сделан прогноз величин коэффициентов поверхностного натяжения для d-металлов седьмого периода. Книга может быть полезной студентам-физикам, преподавателям общих курсов физики, инженерам-металлофизикам, работникам заводских лабораторий и научно-исследовательских институтов.
|
| 606 |
1 |
|
|a Металлы тугоплавкие
|x Прочность
|2 stltpush
|3 (RuTPU)RU\TPU\subj\43387
|9 62895
|
| 610 |
1 |
|
|a технически чистые твердые металлы
|
| 610 |
1 |
|
|a расчет
|
| 610 |
1 |
|
|a тепловые методы
|
| 610 |
1 |
|
|a механическая прочность
|
| 610 |
1 |
|
|a вычисление
|
| 610 |
1 |
|
|a структурные методы
|
| 610 |
1 |
|
|a теплоатомный метод
|
| 610 |
1 |
|
|a тепломеханический метод
|
| 610 |
1 |
|
|a деформационные способы
|
| 610 |
1 |
|
|a тепловой способ
|
| 610 |
1 |
|
|a монографии
|
| 675 |
|
|
|a 669.018.45
|v 4
|
| 700 |
|
1 |
|a Николаев
|b О. С.
|g Олег Семенович
|
| 801 |
|
1 |
|a RU
|b 63413507
|c 20160422
|
| 801 |
|
2 |
|a RU
|b 63413507
|c 20221209
|g RCR
|
| 942 |
|
|
|c BK
|
| 959 |
|
|
|a 32/20160331
|d 1
|e 329,00
|f ЧЗТЛ:1
|